Geometría analítica : (Registro nro. 3331)
[ vista simple ]
| 000 -LEADER | |
|---|---|
| fixed length control field | 00954nam a2200229Ia 4500 |
| 003 - CONTROL NUMBER IDENTIFIER | |
| control field | OSt |
| 005 - DATE AND TIME OF LATEST TRANSACTION | |
| control field | 20200924092610.0 |
| 008 - FIXED-LENGTH DATA ELEMENTS--GENERAL INFORMATION | |
| fixed length control field | 191128s1991 mx gr 000 0 spa d |
| 020 ## - INTERNATIONAL STANDARD BOOK NUMBER | |
| International Standard Book Number | 9684229488 |
| 040 ## - CATALOGING SOURCE | |
| Original cataloging agency | CO-JMCR |
| Transcribing agency | CO-JMCR |
| 041 1# - LANGUAGE CODE | |
| Language code of text/sound track or separate title | spa |
| 082 04 - DEWEY DECIMAL CLASSIFICATION NUMBER | |
| Classification number | 516.3 / |
| Item number | K517g |
| Edition number | 223 |
| 100 1# - MAIN ENTRY--PERSONAL NAME | |
| Personal name | Kindle, Joseph H., |
| Relator term | autor |
| 9 (RLIN) | 10762 |
| 245 10 - TITLE STATEMENT | |
| Title | Geometría analítica : |
| Remainder of title | plana y del espacio / |
| Statement of responsibility, etc. | Joseph H. Klinde ; traducción de Luis Gutiérrez Díez, Ángel Gutiérrez Vázquez |
| 260 ## - PUBLICATION, DISTRIBUTION, ETC. | |
| Place of publication, distribution, etc. | México : |
| Name of publisher, distributor, etc. | Mcgraw-Hill, |
| Date of publication, distribution, etc. | 1991. |
| 300 ## - PHYSICAL DESCRIPTION | |
| Extent | 151 páginas ; |
| Dimensions | 23 cm. |
| 505 0# - FORMATTED CONTENTS NOTE | |
| Formatted contents note | Cordenadas rectangulares -- ecuaciones y lugares geometricos -- la linea recta la circunferencia -- secciones conicas .- la parabola -- la elipse -- la hiperbola -- transformacion de coordenadas -- coordenadas polares |
| 650 24 - SUBJECT ADDED ENTRY--TOPICAL TERM | |
| Topical term or geographic name entry element | Geometría analítica |
| 9 (RLIN) | 10763 |
| 650 24 - SUBJECT ADDED ENTRY--TOPICAL TERM | |
| Topical term or geographic name entry element | Geometría plana |
| 9 (RLIN) | 10764 |
| 650 24 - SUBJECT ADDED ENTRY--TOPICAL TERM | |
| Topical term or geographic name entry element | Geometría, Analítica |
| General subdivision | Plano |
| 9 (RLIN) | 10765 |
| 942 ## - ADDED ENTRY ELEMENTS (KOHA) | |
| Source of classification or shelving scheme | Dewey Decimal Classification |
| Koha item type | Books |
| Withdrawn status | Lost status | Source of classification or shelving scheme | Materials specified (bound volume or other part) | Damaged status | Not for loan | Home library | Current library | Shelving location | Date acquired | Source of acquisition | Full call number | Barcode | Date last seen | Copy number | Price effective from | Koha item type |
|---|---|---|---|---|---|---|---|---|---|---|---|---|---|---|---|---|
| Dewey Decimal Classification | Doanción--17/07/2018-- | Biblioteca Pública José María del Castillo y Rada | Biblioteca Pública José María del Castillo y Rada | General Stacks | 11/28/2019 | Donación | 516.3 / K517g | 201807249 | 05/16/2024 | Ej.1 | 11/28/2019 | Books |